Statistics for Portuguese Regions/Territories with Clues

Click here to take the quiz!

General Stats

  • This quiz has been taken 17 times
    (10 since last reset)
  • The average score is 6 of 8

Answer Stats

Hint and First LetterAnswer% Correct
Region contains Portugal's Capital City (L)Lisbon
90%
Mainland Europe and 88,000km2 in size (P)Portugal
90%
Chain of Islands 1.5k km West of Portugal (A)Azores
80%
Island off Morocco with city called Funchal (M)Madeira
80%
Capital is Porto in North Portugal (N)North
80%
Portugal's biggest region Capital is Evora (A)Alentejo
70%
Far-Southern Portugal Capital is Faro (A)Algarve
70%
Capital is Coimbra in North-Central Portugal (C)Centre
70%

Score Distribution

Percentile by Number Answered

Percent of People with Each Score

Your Score History

You have not taken this quiz since the last reset